[Event "Olimpiade 2014 - Open"]
[Site "Tromsø"]
[Date "04.08.2014"]
[Round "3.28"]
[Board "1"]
[White "Nanjo, Ryosuke"]
[Black "Ragger, Markus"]
[Result "0-1"]
[WhiteTitle "CM"]
[BlackTitle "GM"]
[WhiteElo "2344"]
[BlackElo "2644"]
[WhiteTeam "Japan"]
[BlackTeam "Austria"]
[WhiteFideId "7000634"]
[BlackFideId "1610856"]
[EventDate "2014.08.02"]

1. e4 e5 2. Nf3 Nc6 3. Bb5 a6 4. Ba4 Nf6 5. O-O Be7 6. d3 d6 7. c3 O-O 8. Re1 b5
9. Bb3 Na5 10. Bc2 c5 11. Nbd2 Nc6 12. Nf1 Be6 13. Ng3 h6 14. h3 Rc8 15. a4 b4
16. Bb3 Qe8 17. Bxe6 fxe6 18. d4 c4 19. d5 exd5 20. exd5 Na5 21. Nf5 Qd7 22.
N3h4 Rf7 23. Re3 Nh7 24. Qg4 Bg5 25. Nxd6 Qxd6 26. Qxc8+ Rf8 27. Qe6+ Qxe6 28.
dxe6 Bxh4 29. e7 Bxe7 30. Rxe5 Nb3 31. Rb1 Bf6 32. Re4 bxc3 33. bxc3 Rc8 34. Re6
a5 35. Bb2 Nc5 36. Rb6 Nxa4 37. Rb5 Nf8 38. Rxa5 Nxb2 0-1

[Event "Olimpiade 2014 - Open"]
[Site "Tromsø"]
[Date "04.08.2014"]
[Round "3.28"]
[Board "2"]
[White "Shengelia, David"]
[Black "Kojima, Shinya"]
[Result "1-0"]
[WhiteTitle "GM"]
[BlackTitle "FM"]
[WhiteElo "2556"]
[BlackElo "2373"]
[WhiteTeam "Austria"]
[BlackTeam "Japan"]
[WhiteFideId "13601270"]
[BlackFideId "7000812"]
[EventDate "2014.08.02"]

1. d4 d5 2. c4 c6 3. Nf3 Nf6 4. e3 Bg4 5. Nbd2 e6 6. h3 Bh5 7. g4 Bg6 8. Ne5
Nbd7 9. Nxg6 hxg6 10. Bg2 g5 11. e4 dxe4 12. Nxe4 Nxe4 13. Bxe4 Qa5+ 14. Bd2 Bb4
15. a3 Bxd2+ 16. Qxd2 Qxd2+ 17. Kxd2 O-O-O 18. Ke3 Rh6 19. Rad1 Rdh8 20. Bg2 Rf6
21. h4 Rxh4 22. Rxh4 gxh4 23. g5 Rf5 24. f4 Nb6 25. b3 Ra5 26. a4 f6 27. c5 Nd5+
28. Bxd5 exd5 29. Rh1 Kd7 30. Rxh4 fxg5 31. Rh7 gxf4+ 32. Kxf4 b5 33. Rxg7+ Kc8
34. axb5 Rxb5 35. Ke5 Rxb3 36. Kd6 a5 37. Kxc6 Kb8 38. Kxd5 a4 39. Kc4 Rb1 40.
Rg3 Ra1 41. d5 a3 42. d6 a2 43. Rg8+ Kb7 44. Kb3 Kc6 45. Rc8+ Kd7 46. Rc7+ Kd8
47. Kb2 Rb1+ 48. Kxa2 Rb5 49. Ka3 Rb1 50. Ka4 Rb2 51. Rh7 1-0

[Event "Olimpiade 2014 - Open"]
[Site "Tromsø"]
[Date "04.08.2014"]
[Round "3.28"]
[Board "3"]
[White "Watanabe, Akira"]
[Black "Schreiner, Peter"]
[Result "1-0"]
[WhiteTitle "FM"]
[BlackTitle "IM"]
[WhiteElo "2252"]
[BlackElo "2460"]
[WhiteTeam "Japan"]
[BlackTeam "Austria"]
[WhiteFideId "7000227"]
[BlackFideId "1621645"]
[EventDate "2014.08.02"]

1. d4 Nf6 2. c4 g6 3. Nc3 d5 4. cxd5 Nxd5 5. e4 Nxc3 6. bxc3 Bg7 7. Bc4 c5 8.
Ne2 Nc6 9. Be3 O-O 10. O-O Bg4 11. f3 Bd7 12. Rb1 Qc7 13. Bd3 Rad8 14. Bf4 Qc8
15. Rc1 b5 16. Qd2 c4 17. Bc2 b4 18. cxb4 c3 19. Nxc3 Bxd4+ 20. Kh1 Be6 21. Nd5
Bb2 22. Ba4 Bxc1 23. Rxc1 Qa6 24. Bxc6 Kh8 25. Bh6 1-0

[Event "Olimpiade 2014 - Open"]
[Site "Tromsø"]
[Date "04.08.2014"]
[Round "3.28"]
[Board "4"]
[White "Diermair, Andreas"]
[Black "Mitsuya, Naoto"]
[Result "1-0"]
[WhiteTitle "IM"]
[WhiteElo "2447"]
[BlackElo "2024"]
[WhiteTeam "Austria"]
[BlackTeam "Japan"]
[WhiteFideId "1612468"]
[BlackFideId "7001886"]
[EventDate "2014.08.02"]

1. d4 Nf6 2. c4 e6 3. Nf3 Bb4+ 4. Nbd2 b6 5. a3 Bxd2+ 6. Qxd2 Bb7 7. e3 d6 8.
Be2 Nbd7 9. O-O O-O 10. b4 Qe7 11. Bb2 Rfe8 12. Rad1 a5 13. Qc3 Nf8 14. Rfe1 Ng6
15. d5 e5 16. Nd2 axb4 17. axb4 Ra4 18. Qb3 Rea8 19. Nb1 Bc8 20. Nc3 R4a7 21.
Nb5 Rb7 22. Ra1 Rbb8 23. Ra3 Qd8 24. Rea1 Rxa3 25. Qxa3 Bd7 26. Nc3 e4 27. Qa7
Ne5 28. Nd1 b5 29. Bxe5 dxe5 30. Nc3 bxc4 31. Qc5 Ra8 32. Ra5 Qb8 33. h3 h5 34.
Qxc4 Bf5 35. Rxa8 Qxa8 36. Qxc7 Qa1+ 37. Bf1 Qa8 38. b5 1-0

[Event "Olimpiade 2014 - Open"]
[Site "Tromsø"]
[Date "04.08.2014"]
[Round "3.29"]
[Board "1"]
[White "Sulskis, Sarunas"]
[Black "Haddouche, Mohamed"]
[Result "1/2-1/2"]
[WhiteTitle "GM"]
[BlackTitle "GM"]
[WhiteElo "2544"]
[BlackElo "2508"]
[WhiteTeam "Lithuania"]
[BlackTeam "Algeria"]
[WhiteFideId "12800112"]
[BlackFideId "7900660"]
[EventDate "2014.08.02"]

1. c4 e5 2. Nc3 Nf6 3. Nf3 d6 4. g3 g6 5. Bg2 Bg7 6. d4 Nbd7 7. O-O O-O 8. e4
exd4 9. Nxd4 Re8 10. h3 Nc5 11. Re1 Bd7 12. Rb1 a5 13. Bf4 h6 14. g4 h5 15. f3
hxg4 16. hxg4 Nh7 17. Qd2 Ne6 18. Be3 Be5 19. Nxe6 Bxe6 20. Nd5 Bg3 21. Rec1 Ra6
22. b3 g5 23. Rc2 c6 24. Nc3 Ra8 25. Rd1 Qf6 26. Ne2 Be5 27. a4 Qh6 28. Kf1 f6
29. Nd4 Nf8 30. Nf5 Bxf5 31. gxf5 Nd7 32. Qf2 Qh2 33. Rcd2 Bg3 34. Qg1 Qxg1+ 35.
Kxg1 Kf8 36. c5 d5 37. Bf2 Bxf2+ 38. Kxf2 Nxc5 39. exd5 cxd5 40. Rxd5 Rac8 41.
Rd6 Ke7 42. R1d5 Rc7 43. Bf1 Rh8 44. Rb6 Rh2+ 45. Kg3 Rc2 46. Bc4 Rc3 47. Kg4
Re3 48. Rdd6 Rc6 49. Rdxc6 bxc6 50. Rxc6 Nd7 51. f4 gxf4 52. Kxf4 Re5 53. Ra6
Nc5 54. Rc6 Re4+ 55. Kf3 Re5 56. Kg4 Re4+ 57. Kh5 Nd7 58. Ra6 Re5 59. Be6 Nf8
60. Bc8 Rc5 61. Ra8 Kd8 62. Ba6+ Ke7 63. Kg4 Nd7 64. Bb5 Ne5+ 65. Kf4 Rc3 66.
Rxa5 Rxb3 67. Ra7+ Kd6 68. Ra6+ Kd5 69. Rxf6 Rf3+ 70. Kg5 Rg3+ 71. Kh4 Rg8 72.
Re6 Nf3+ 73. Kh5 Rg5+ 74. Kh6 Rxf5 75. Re3 Nd4 76. Kg6 Re5 77. Bc4+ Kd6 78. Rxe5
Kxe5 79. a5 Nc6 80. a6 Kd6 81. Kf6 Kc7 82. Ke6 Kb6 83. Kd6 Nb4 84. Bb5 Nxa6 85.
Bxa6 Kxa6 1/2-1/2

[Event "Olimpiade 2014 - Open"]
[Site "Tromsø"]
[Date "04.08.2014"]
[Round "3.29"]
[Board "2"]
[White "Bengherabi, Khalil"]
[Black "Laurusas, Tomas"]
[Result "0-1"]
[WhiteTitle "FM"]
[BlackTitle "IM"]
[WhiteElo "2170"]
[BlackElo "2435"]
[WhiteTeam "Algeria"]
[BlackTeam "Lithuania"]
[WhiteFideId "7900325"]
[BlackFideId "12803731"]
[EventDate "2014.08.02"]

1. e4 c6 2. Nf3 d5 3. Nc3 Bg4 4. h3 Bxf3 5. Qxf3 e6 6. b3 Nf6 7. Bb2 Nbd7 8.
exd5 cxd5 9. Bb5 Be7 10. O-O O-O 11. d4 Qa5 12. Bd3 Ba3 13. Bxa3 Qxa3 14. Qg3
Rac8 15. Ne2 Rfe8 16. c4 Qa5 17. Rfb1 dxc4 18. bxc4 b6 19. Nc3 a6 20. Ne4 Nxe4
21. Bxe4 Nf6 22. Bd3 Red8 23. Rd1 b5 24. cxb5 axb5 25. Rac1 Rxc1 26. Rxc1 Qxa2
27. Qd6 Qa5 28. Qc5 Qd2 29. Qc7 Rf8 30. Bxb5 Qxd4 31. Bc6 h6 32. Bf3 Qd7 33. Qc2
Rb8 34. Rd1 Qc8 35. Qd2 Qc5 36. Rc1 Qb6 37. Qf4 Rd8 38. Rc7 Qb1+ 39. Kh2 Qe1 40.
Rc2 Qb1 41. Rc7 Qb8 42. g3 Rd2 43. Kg2 Qb2 44. Bc6 Qd4 45. Qf3 Qd3 46. Rc8+ Kh7
47. Qxd3+ Rxd3 48. Rc7 Rc3 49. Rc8 Kg6 50. Bb7 Rxc8 51. Bxc8 Kf5 52. Kf3 Ke5 53.
Ke3 Nd5+ 54. Kd3 Kd6 55. Kd4 e5+ 56. Ke4 g6 57. g4 Nc3+ 58. Ke3 Nd5+ 59. Ke4 Ne7
60. Bb7 f5+ 61. gxf5 gxf5+ 62. Kf3 Nd5 63. Bc8 e4+ 64. Kg3 Ke5 65. Bb7 f4+ 66.
Kg2 h5 67. Bc6 f3+ 68. Kg3 Ne7 69. Bb7 Nf5+ 70. Kh2 h4 71. Bc8 Kf4 72. Bxf5 Kxf5
73. Kg1 Kf4 74. Kf1 e3 75. fxe3+ Kxe3 76. Ke1 Ke4 77. Kf1 Ke5 78. Ke1 Kf5 79.
Kf1 Ke4 80. Ke1 Ke3 81. Kf1 f2 82. Kg2 Ke2 83. Kh2 f1=R 0-1

[Event "Olimpiade 2014 - Open"]
[Site "Tromsø"]
[Date "04.08.2014"]
[Round "3.29"]
[Board "3"]
[White "Beinoras, Mindaugas"]
[Black "Belouadah, Saad"]
[Result "1/2-1/2"]
[WhiteTitle "IM"]
[BlackTitle "IM"]
[WhiteElo "2402"]
[BlackElo "2320"]
[WhiteTeam "Lithuania"]
[BlackTeam "Algeria"]
[WhiteFideId "12802085"]
[BlackFideId "7900856"]
[EventDate "2014.08.02"]

1. d4 d6 2. e4 Nf6 3. Nc3 e5 4. Nge2 c6 5. h3 Nbd7 6. g3 b5 7. a3 a6 8. Bg2 Bb7
9. O-O c5 10. d5 h5 11. Be3 Be7 12. b3 h4 13. Nb1 Nh7 14. a4 b4 15. a5 Bc8 16.
Nd2 hxg3 17. fxg3 Bg5 18. Nc4 Bxe3+ 19. Nxe3 Ndf6 20. h4 g5 21. Qe1 Rg8 22. h5
Nxh5 23. Nf5 g4 24. Ne3 Ng5 25. Nc4 Ra7 26. Qd2 Rg6 27. Rae1 Nf3+ 28. Bxf3 gxf3
29. Rxf3 Bg4 30. Re3 f6 31. Nc1 Rag7 32. Kf2 Ke7 33. Rh1 Rg5 34. c3 f5 35. exf5
Bxf5 36. Ne2 Nf6 37. Ke1 Ne4 38. Rxe4 Bxe4 39. Rh6 R5g6 40. cxb4 cxb4 41. Rxg6
Rxg6 42. Qxb4 Bxd5 43. Nxe5 Rg5 44. Nd3 Kd7 45. Qc3 Be4 46. b4 Qf8 47. Qd4 Bxd3
48. Qxd3 Re5 49. Qxa6 Qf3 50. Qc4 Qxg3+ 51. Kd1 Qf3 52. Kd2 Qe3+ 53. Kd1 Qf3 54.
Kd2 Rd5+ 55. Kc2 Qf5+ 56. Kb2 Rd2+ 57. Kc1 Qg5 58. Qf7+ Kd8 59. Qf8+ Kc7 60.
Qf7+ Kb8 61. Qe8+ Kc7 62. Qf7+ Kc6 63. Qc4+ Kb7 64. Qf7+ Kc8 65. Qe8+ Kc7 66.
Qf7+ 1/2-1/2

[Event "Olimpiade 2014 - Open"]
[Site "Tromsø"]
[Date "04.08.2014"]
[Round "3.29"]
[Board "4"]
[White "Seddaoui, Yamine"]
[Black "Pileckis, Emilis"]
[Result "0-1"]
[BlackTitle "IM"]
[WhiteElo "2105"]
[BlackElo "2447"]
[WhiteTeam "Algeria"]
[BlackTeam "Lithuania"]
[WhiteFideId "7902026"]
[BlackFideId "12802476"]
[EventDate "2014.08.02"]

1. e4 c5 2. Nf3 Nc6 3. d4 cxd4 4. Nxd4 Nf6 5. Nc3 e6 6. Be2 Qc7 7. O-O Be7 8.
Be3 O-O 9. f4 d6 10. Qe1 Bd7 11. Qg3 Kh8 12. Rad1 Rad8 13. Kh1 e5 14. Nb3 Nb4
15. Rd2 Bc6 16. a3 Na6 17. Bxa7 Nxe4 18. Nxe4 Bxe4 19. Qe3 Qc6 20. Bf3 Bxf3 21.
Rxf3 Bf6 22. Rh3 Rfe8 23. f5 Kg8 24. Qe2 Nc5 25. Bxc5 dxc5 26. Rxd8 Rxd8 27. Rd3
Rxd3 28. cxd3 Qb5 29. Qc2 e4 30. Qc4 Qxc4 31. dxc4 Bxb2 32. Nxc5 e3 33. Nd3 e2
34. g4 Bc3 35. Kg2 e1=Q 36. Nxe1 Bxe1 37. Kf3 Kf8 38. Ke4 Ke7 39. Kd5 b6 40. a4
Bf2 0-1

[Event "Olimpiade 2014 - Open"]
[Site "Tromsø"]
[Date "04.08.2014"]
[Round "3.30"]
[Board "1"]
[White "Iturrizaga Bonelli, Eduardo"]
[Black "Juarez Flores, Carlos A."]
[Result "1-0"]
[WhiteTitle "GM"]
[BlackTitle "IM"]
[WhiteElo "2653"]
[BlackElo "2425"]
[WhiteTeam "Venezuela"]
[BlackTeam "Guatemala"]
[WhiteFideId "3901211"]
[BlackFideId "7300018"]
[EventDate "2014.08.02"]

1. Nf3 d5 2. c4 c6 3. e3 Nf6 4. Nc3 a6 5. Qc2 g6 6. d4 Bg7 7. Be2 O-O 8. O-O b5
9. b3 Bf5 10. Bd3 Bxd3 11. Qxd3 Nbd7 12. Bd2 e6 13. Rfc1 Qb8 14. Rc2 Rc8 15.
Rac1 Qb7 16. Nb1 Bf8 17. Ba5 Bd6 18. Nbd2 c5 19. cxd5 exd5 20. dxc5 Rxc5 21.
Rxc5 Bxc5 22. b4 Bb6 23. Qc2 Ne4 24. Qc6 Qxc6 25. Rxc6 Bxa5 26. bxa5 Ne5 27.
Nxe5 Nxd2 28. Rc7 Nc4 29. Nxf7 Re8 30. Nh6+ Kh8 31. Nf7+ Kg8 32. Nh6+ Kh8 33. g4
Ra8 34. g5 1-0

[Event "Olimpiade 2014 - Open"]
[Site "Tromsø"]
[Date "04.08.2014"]
[Round "3.30"]
[Board "2"]
[White "Cu Hor, Winston Darwin"]
[Black "Ynojosa Aponte, Felix Jose"]
[Result "1-0"]
[WhiteTitle "FM"]
[BlackTitle "IM"]
[WhiteElo "2259"]
[BlackElo "2448"]
[WhiteTeam "Guatemala"]
[BlackTeam "Venezuela"]
[WhiteFideId "7300662"]
[BlackFideId "3900258"]
[EventDate "2014.08.02"]

1. d4 Nf6 2. c4 e6 3. Nf3 c5 4. d5 b5 5. Bg5 exd5 6. cxd5 h6 7. Bh4 d6 8. e3 a6
9. a4 b4 10. Bc4 Be7 11. O-O Nbd7 12. a5 O-O 13. Re1 Ne4 14. Bxe7 Qxe7 15. Nbd2
f5 16. Qc2 Bb7 17. Nf1 Qf7 18. Rad1 Ndf6 19. N3d2 Qc7 20. f3 Nxd2 21. Rxd2 Rae8
22. Rdd1 g6 23. Ng3 Kh7 24. h4 h5 25. Ne2 Qxa5 26. Nf4 Bc8 27. Ra1 Qb6 28. Qa4
Re7 29. Kf2 Rfe8 30. Qc6 Qb8 31. Bxa6 Nd7 32. Bf1 Ne5 33. Qa8 Qc7 34. b3 Bb7 35.
Qa5 Qb8 36. Qb6 Nd7 37. Qa7 Qxa7 38. Rxa7 Nb6 39. e4 Nc8 40. Rxb7 Rxb7 41. exf5
Rxe1 42. fxg6+ Kh6 43. Kxe1 Re7+ 44. Kd2 Re5 45. g4 hxg4 46. fxg4 Ne7 47. g5+
Kg7 48. Bd3 Nf5 49. h5 Nd4 50. h6+ Kg8 51. Nh5 Nxb3+ 52. Kc2 Nd4+ 53. Kb2 Rxg5
54. Nf6+ Kh8 55. g7+ Rxg7 56. hxg7+ Kxg7 57. Ne8+ Kf7 58. Nxd6+ Kf6 59. Nb7 Ke5
60. Bc4 Nf5 61. Kb3 Nd4+ 62. Ka4 Nf5 63. Kb5 Ne3 64. Kxc5 Nxc4 65. Kxc4 b3 66.
Nc5 b2 67. Nd3+ Kd6 68. Nxb2 1-0

[Event "Olimpiade 2014 - Open"]
[Site "Tromsø"]
[Date "04.08.2014"]
[Round "3.30"]
[Board "3"]
[White "Rohl Montes, Juan Armando"]
[Black "Garcia Fuentes, Sergio Miguel"]
[Result "1-0"]
[WhiteTitle "IM"]
[WhiteElo "2390"]
[BlackElo "2166"]
[WhiteTeam "Venezuela"]
[BlackTeam "Guatemala"]
[WhiteFideId "3900487"]
[BlackFideId "7300549"]
[EventDate "2014.08.02"]

1. e4 c6 2. d4 d5 3. e5 Bf5 4. Nf3 e6 5. Be2 h6 6. O-O Nd7 7. b3 Bh7 8. c4 Ne7
9. Ba3 Nf5 10. Bxf8 Nxf8 11. Nc3 a6 12. Qd2 Ng6 13. cxd5 cxd5 14. Na4 O-O 15.
Rac1 Ngh4 16. Ne1 Rc8 17. Rxc8 Qxc8 18. g3 Ng6 19. Nf3 Qb8 20. Nc5 Rc8 21. Qb4
Nge7 22. Qxb7 Qxb7 23. Nxb7 Rc2 24. Bd3 Rc3 25. Rd1 Nc6 26. g4 Nfe7 27. Bxh7+
Kxh7 28. Ne1 Ng6 29. f3 Nf4 30. Kf2 g5 31. Nc5 Nxd4 32. Na4 Nb5 33. Nxc3 Nxc3
34. Rd2 Ng6 35. Nd3 d4 36. b4 Kg7 37. a4 Nxa4 38. Ra2 Nc3 39. Rxa6 Ne7 40. f4 h5
41. gxh5 gxf4 42. Nxf4 1-0

[Event "Olimpiade 2014 - Open"]
[Site "Tromsø"]
[Date "04.08.2014"]
[Round "3.30"]
[Board "4"]
[White "Lorenzana, Wilson Estuardo"]
[Black "Castro, Jose Luis"]
[Result "0-1"]
[WhiteTitle "IM"]
[BlackTitle "FM"]
[WhiteElo "2222"]
[BlackElo "2313"]
[WhiteTeam "Guatemala"]
[BlackTeam "Venezuela"]
[WhiteFideId "7300239"]
[BlackFideId "3901831"]
[EventDate "2014.08.02"]

1. e4 c5 2. Nf3 Nc6 3. d4 cxd4 4. Nxd4 Nf6 5. Nc3 e5 6. Ndb5 d6 7. Bg5 a6 8. Na3
b5 9. Bxf6 gxf6 10. Nd5 Bg7 11. Bd3 Ne7 12. Nxe7 Qxe7 13. O-O O-O 14. Qh5 f5 15.
c4 Rb8 16. exf5 e4 17. Rae1 Bb7 18. Qg4 Rfe8 19. cxb5 d5 20. f3 Kh8 21. Kh1 Bxb2
22. Nc2 Qc5 23. bxa6 exd3 24. Rxe8+ Rxe8 25. axb7 dxc2 26. f6 Qf8 0-1

[Event "Olimpiade 2014 - Open"]
[Site "Tromsø"]
[Date "04.08.2014"]
[Round "3.31"]
[Board "1"]
[White "Lenic, Luka"]
[Black "Tologontegin, Semetey"]
[Result "1-0"]
[WhiteTitle "GM"]
[BlackTitle "FM"]
[WhiteElo "2659"]
[BlackElo "2354"]
[WhiteTeam "Slovenia"]
[BlackTeam "Kyrgyzstan"]
[WhiteFideId "14603853"]
[BlackFideId "13800574"]
[EventDate "2014.08.02"]

1. d4 d5 2. Nf3 Nf6 3. c4 e6 4. Bg5 Nbd7 5. e3 c6 6. Nbd2 Be7 7. Bd3 O-O 8. O-O
b6 9. e4 dxe4 10. Nxe4 Nxe4 11. Bxe7 Qxe7 12. Bxe4 Bb7 13. Qa4 Rfc8 14. Rfe1 Nf6
15. c5 bxc5 16. Qa3 Qc7 17. dxc5 Rd8 18. Ne5 Rd4 19. Bf3 Rad8 20. Rac1 Ba8 21.
h3 h6 22. Rc4 Rxc4 23. Nxc4 Nd5 24. Nd6 Qb8 25. Re4 Rd7 26. Ra4 Qc7 27. Be4 Qb8
28. Bc2 Rc7 29. Rg4 f5 30. Ra4 Rd7 31. Bb3 Kh7 32. Bc4 Nb6 33. Bxe6 Rxd6 34.
cxd6 Nxa4 35. Qxa4 Qxd6 36. Bxf5+ Kh8 37. Qxa7 Qd1+ 38. Kh2 Qd6+ 39. g3 Qf8 40.
Be4 Qe8 41. Bg2 Qc8 42. b4 Bb7 43. b5 h5 44. h4 Kg8 45. Qb6 g5 46. bxc6 Ba6 47.
hxg5 h4 48. Qb3+ Kg7 49. gxh4 Qg4 50. Qg3 1-0

[Event "Olimpiade 2014 - Open"]
[Site "Tromsø"]
[Date "04.08.2014"]
[Round "3.31"]
[Board "2"]
[White "Abdyjapar, Asyl"]
[Black "Borisek, Jure"]
[Result "0-1"]
[WhiteTitle "IM"]
[BlackTitle "GM"]
[WhiteElo "2368"]
[BlackElo "2569"]
[WhiteTeam "Kyrgyzstan"]
[BlackTeam "Slovenia"]
[WhiteFideId "13800337"]
[BlackFideId "14603152"]
[EventDate "2014.08.02"]

1. d4 f5 2. Nf3 Nf6 3. g3 g6 4. Bg2 Bg7 5. O-O O-O 6. c4 d6 7. Nc3 c6 8. Re1 Na6
9. h3 Ne4 10. Qc2 Nxc3 11. bxc3 e5 12. Bg5 Qe8 13. e4 Qf7 14. Qd2 f4 15. gxf4
exf4 16. e5 h6 17. exd6 hxg5 18. c5 Bf6 19. Ne5 Qh7 20. Ng4 Bxg4 21. hxg4 Rae8
22. Rab1 Qd7 23. Bf3 Rxe1+ 24. Qxe1 Nb8 25. Qd1 Kg7 26. Qb3 b6 27. cxb6 axb6 28.
Qxb6 Qxd6 29. a4 Kh6 30. Qa7 Nd7 31. Rb7 Rd8 32. a5 c5 33. dxc5 Qd3 34. Kg2 Be7
35. Rc7 Ne5 36. Qb7 Rb8 37. Qe4 Qxf3+ 38. Qxf3 Nxf3 39. Rxe7 Nh4+ 40. Kf1 Ra8
41. Ke2 Rxa5 42. Re5 Kg7 43. Rxg5 Ra2+ 44. Kd3 Kf6 45. Rd5 Nf3 46. c6 Ne5+ 47.
Ke4 Nxc6 48. Kxf4 Ra4+ 49. Kg3 Rc4 50. Rd6+ Kf7 51. f4 Ne7 52. Rd3 Ng8 53. Rf3
Nf6 54. Kh4 Ne4 55. Rd3 Rc8 56. Rd7+ Ke6 57. Rh7 Kf6 58. g5+ Ke6 59. Rg7 Rxc3
60. Rxg6+ Kf5 61. Rg8 Nf2 62. Rf8+ Kg6 63. f5+ Kg7 0-1

[Event "Olimpiade 2014 - Open"]
[Site "Tromsø"]
[Date "04.08.2014"]
[Round "3.31"]
[Board "3"]
[White "Sebenik, Matej"]
[Black "Takyrbashev, B."]
[Result "1-0"]
[WhiteTitle "GM"]
[WhiteElo "2537"]
[BlackElo "2229"]
[WhiteTeam "Slovenia"]
[BlackTeam "Kyrgyzstan"]
[WhiteFideId "14602296"]
[BlackFideId "13800272"]
[EventDate "2014.08.02"]

1. d4 d5 2. c4 dxc4 3. e3 Nf6 4. Bxc4 e6 5. Nf3 a6 6. O-O c5 7. Bb3 Be7 8. Nc3
O-O 9. e4 cxd4 10. Nxd4 Nc6 11. Nxc6 bxc6 12. Qc2 Qc7 13. h3 c5 14. Bc4 Bb7 15.
Be3 Qc6 16. f3 Nd7 17. Rfd1 Ne5 18. Be2 f5 19. Qa4 f4 20. Bf2 Qc7 21. Bc4 Rf6
22. Qb3 Kf7 23. Nd5 exd5 24. Bxd5+ Kf8 25. Qxb7 Qxb7 26. Bxb7 Rb8 27. Bd5 Rxb2
28. Rab1 Rfb6 29. Rxb2 Rxb2 30. Kf1 g5 31. Bb3 Kg7 32. Be1 Rxb3 33. axb3 Kf7 34.
Ra1 Nc6 35. Rxa6 Nd4 36. Rb6 1-0

[Event "Olimpiade 2014 - Open"]
[Site "Tromsø"]
[Date "04.08.2014"]
[Round "3.31"]
[Board "4"]
[White "Mamatov, Melis"]
[Black "Tratar, Marko"]
[Result "1-0"]
[BlackTitle "GM"]
[WhiteElo "2106"]
[BlackElo "2490"]
[WhiteTeam "Kyrgyzstan"]
[BlackTeam "Slovenia"]
[WhiteFideId "13800027"]
[BlackFideId "14600684"]
[EventDate "2014.08.02"]

1. e4 e6 2. f4 d5 3. e5 c5 4. Nf3 Nc6 5. g3 Nh6 6. d3 b5 7. Bg2 Bb7 8. c3 Nf5 9.
Na3 b4 10. Nc2 Qa5 11. Bd2 Qa6 12. Qe2 bxc3 13. bxc3 h5 14. Ne3 Nce7 15. O-O
Nxe3 16. Bxe3 Nf5 17. Bf2 Be7 18. h3 c4 19. dxc4 Rc8 20. Rfb1 Rxc4 21. Bf1 Qc6
22. Qb2 Ba8 23. g4 hxg4 24. hxg4 d4 25. Bg2 Ne3 26. Qb8+ Bd8 27. Bxe3 dxe3 28.
Ne1 Re4 29. Rd1 Qb6 30. Rab1 e2+ 31. Rd4 Qxb8 32. Rxb8 Rxd4 33. cxd4 Bxg2 34.
Kxg2 O-O 35. Kf3 Bb6 36. Rxf8+ Kxf8 37. Ke3 f6 38. Nf3 fxe5 39. fxe5 Ke7 40.
Kxe2 Kd7 41. Kd3 Kc6 42. Kc4 Bd8 43. Nd2 Bc7 44. Ne4 Kd7 45. Nc5+ Ke7 46. Kb5
Bb6 47. a4 1-0

[Event "Olimpiade 2014 - Open"]
[Site "Tromsø"]
[Date "04.08.2014"]
[Round "3.32"]
[Board "1"]
[White "De La Riva Aguado, Oscar"]
[Black "Amin, Bassem"]
[Result "1/2-1/2"]
[WhiteTitle "GM"]
[BlackTitle "GM"]
[WhiteElo "2523"]
[BlackElo "2627"]
[WhiteTeam "Andorra"]
[BlackTeam "Egypt"]
[WhiteFideId "6900224"]
[BlackFideId "10601457"]
[EventDate "2014.08.02"]

1. e4 e5 2. Nf3 Nc6 3. Nc3 Nf6 4. g3 Bc5 5. Bg2 d6 6. d3 Nd4 7. h3 c6 8. Nxd4
Bxd4 9. Ne2 Bb6 10. b3 O-O 11. O-O d5 12. Bb2 Qe7 13. Kh1 dxe4 14. dxe4 a5 15.
a4 Bc5 16. Nc1 Rd8 17. Nd3 b6 18. f4 exf4 19. Rxf4 Ne8 20. Qh5 g6 21. Qh6 Qf8
22. Qg5 Be6 23. Raf1 Be7 24. Qe5 Qg7 25. Qxg7+ Nxg7 26. Ne5 Nh5 27. R4f3 Bd6 28.
g4 Bxe5 29. Bxe5 Ng7 30. Bc7 Rd2 31. Rc3 b5 32. Rxc6 bxa4 33. bxa4 h5 34. Bf3
hxg4 35. hxg4 Bd7 36. Bf4 Rd4 37. Rd6 Rxd6 38. Bxd6 Bxa4 39. e5 Rc8 40. Ra1 Rc4
41. Be7 Ne6 42. Kg1 g5 43. Bf6 Bxc2 44. Rxa5 1/2-1/2

[Event "Olimpiade 2014 - Open"]
[Site "Tromsø"]
[Date "04.08.2014"]
[Round "3.32"]
[Board "2"]
[White "Shoker, Samy"]
[Black "Simonet, Marc"]
[Result "1-0"]
[WhiteTitle "IM"]
[BlackTitle "FM"]
[WhiteElo "2487"]
[BlackElo "2222"]
[WhiteTeam "Egypt"]
[BlackTeam "Andorra"]
[WhiteFideId "627143"]
[BlackFideId "6900127"]
[EventDate "2014.08.02"]

1. Nf3 Nf6 2. g3 d5 3. Bg2 c6 4. b3 Bg4 5. Bb2 Nbd7 6. d3 e6 7. Nbd2 Bd6 8. h3
Bh5 9. O-O O-O 10. e4 e5 11. Re1 Re8 12. Qe2 Qe7 13. a3 dxe4 14. dxe4 Nc5 15.
Qf1 b5 16. Nh4 Qc7 17. Nf5 Bf8 18. f3 Nfd7 19. Kh2 f6 20. c4 a6 21. Rac1 Bf7 22.
b4 Na4 23. Ba1 g6 24. Ne3 Qd6 25. Nb3 Bh6 26. Na5 Rac8 27. Rcd1 Qc7 28. h4 Rcd8
29. Ng4 Bg7 30. Rc1 Ndc5 31. cxb5 cxb5 32. Qg1 h5 33. Ne3 Qd6 34. Red1 Qb6 35.
Nd5 Bxd5 36. bxc5 Qxa5 37. exd5 f5 38. d6 1-0

[Event "Olimpiade 2014 - Open"]
[Site "Tromsø"]
[Date "04.08.2014"]
[Round "3.32"]
[Board "3"]
[White "Garcia Paolicchi, Raul"]
[Black "Ezat, Mohamed"]
[Result "0-1"]
[WhiteTitle "FM"]
[BlackTitle "IM"]
[WhiteElo "2176"]
[BlackElo "2466"]
[WhiteTeam "Andorra"]
[BlackTeam "Egypt"]
[WhiteFideId "6900020"]
[BlackFideId "10600906"]
[EventDate "2014.08.02"]

1. d4 Nf6 2. c4 c5 3. d5 e5 4. Nc3 d6 5. e4 g6 6. Bd3 Bg7 7. Bg5 h6 8. Bd2 Nh5
9. g3 Na6 10. h3 Nc7 11. Nge2 Qf6 12. Ng1 Qe7 13. Be2 Nf6 14. Nf3 Bd7 15. Be3
Rb8 16. Nd2 Qd8 17. Bf1 a6 18. Bg2 b5 19. O-O O-O 20. Kh2 bxc4 21. Nxc4 Nb5 22.
Nxb5 axb5 23. Nd2 Ne8 24. Qc2 f5 25. f4 exf4 26. Bxf4 g5 27. Be3 f4 28. gxf4
gxf4 29. Bf2 Qf6 30. Rab1 Qe5 31. Bf3 Nf6 32. Rg1 Nh7 33. Bg4 f3+ 34. Bg3 Qe7
35. Bxf3 Ng5 36. Bg2 Be5 37. Nf1 Kh7 38. Qe2 b4 39. Bxe5 Qxe5+ 40. Ng3 Rf4 41.
Rh1 Rg8 42. Qe3 Nf3+ 43. Bxf3 Rxg3 0-1

[Event "Olimpiade 2014 - Open"]
[Site "Tromsø"]
[Date "04.08.2014"]
[Round "3.32"]
[Board "4"]
[White "Adly, Ahmed"]
[Black "Jose Queralto, Daniel"]
[Result "1-0"]
[WhiteTitle "GM"]
[BlackTitle "CM"]
[WhiteElo "2589"]
[BlackElo "2122"]
[WhiteTeam "Egypt"]
[BlackTeam "Andorra"]
[WhiteFideId "10601619"]
[BlackFideId "6900089"]
[EventDate "2014.08.02"]

1. Nf3 d5 2. g3 c5 3. Bg2 Nc6 4. d4 e6 5. O-O Nf6 6. c4 dxc4 7. Ne5 Bd7 8. Na3
Rc8 9. Nexc4 Nxd4 10. Bxb7 Rc7 11. Bg2 Bc6 12. Bxc6+ Nxc6 13. Qa4 Qd7 14. Bf4 e5
15. Rfd1 Nd4 16. Qxd7+ Nxd7 17. Bxe5 Nxe5 18. Nxe5 Nxe2+ 19. Kf1 Nd4 20. Rac1
Ne6 21. Rc4 Be7 22. Ra4 Bf6 23. Nec4 O-O 24. Rd6 Rb7 25. b3 Rd8 26. Rda6 Rdd7
27. Nd6 Rb4 28. Nab5 Be5 29. Nc4 Rxa4 30. Rxa4 Bb8 31. Ra6 Kf8 32. Na5 Nd8 33.
Nc6 Rb7 34. Nxd8 Rxb5 35. Nc6 Rb7 36. Ke2 Ke8 37. Kd3 Bd6 38. Rxa7 Rb6 39. Na5
Bb8 40. Rb7 1-0